Public Sector Financial Management Reform: A Case Study of Local Government Agencies in Indonesia (Record no. 309687)
[ view plain ]
| 000 -LEADER | |
|---|---|
| fixed length control field | 00397nam a2200121Ia 4500 |
| 008 - FIXED-LENGTH DATA ELEMENTS--GENERAL INFORMATION | |
| fixed length control field | 170221s9999 xx 000 0 und d |
| 100 ## - MAIN ENTRY--PERSONAL NAME | |
| Personal name | Monir Mir |
| 245 ## - TITLE STATEMENT | |
| Title | Public Sector Financial Management Reform: A Case Study of Local Government Agencies in Indonesia |
| 245 ## - TITLE STATEMENT | |
| Statement of responsibility, etc | Monir Mir and Wahyu Sutiyono |
| 260 ## - PUBLICATION, DISTRIBUTION, ETC. (IMPRINT) | |
| Date of publication, distribution, etc | 2012 |
| 650 ## - SUBJECT ADDED ENTRY--TOPICAL TERM | |
| General subdivision | Business |
| 856 ## - ELECTRONIC LOCATION AND ACCESS | |
| Uniform Resource Identifier | <a href="http://ro.uow.edu.au/aabfj/vol7/iss4/7/">http://ro.uow.edu.au/aabfj/vol7/iss4/7/</a> |
| Withdrawn status | Lost status | Damaged status | Home library | Current library | Date acquired | Total Checkouts | Date last seen | Price effective from | Koha item type |
|---|---|---|---|---|---|---|---|---|---|
| College Library | College Library | 02/21/2017 | 02/21/2017 | 02/21/2017 | Foreign e-journal articles |